[Event "KAUPTHING OPEN 2007 B"]
[Site "?"]
[Date "2007.07.08"]
[Round "1.30"]
[White "Papini, Emmanuel"]
[Black "Berchem Lux, Stéphane"]
[Result "1-0"]
[WhiteElo "1866"]
[BlackElo "1200"]
[PlyCount "72"]
[EventDate "2007.07.18"]

1. e4 c5 2. Nf3 d6 3. d4 Nf6 4. Nc3 g6 5. Be3 Bg7 6. dxc5 Qa5 7. Qd4 Qxc5 8.
Qxc5 dxc5 9. Bxc5 Nfd7 10. Bd4 O-O 11. Bxg7 Kxg7 12. O-O-O Nf6 13. h3 Be6 14.
Ng5 Bc8 15. e5 Ne8 16. Nge4 Nc6 17. f4 Nb4 18. a3 Nc6 19. Nd5 Be6 20. Bb5 Rd8
21. Bxc6 bxc6 22. Nxe7 Rxd1+ 23. Rxd1 Bf5 24. Nc5 Nc7 25. Nxc6 Ne6 26. Nxe6+
fxe6 27. Rd7+ Kg8 28. Rd8 Be4 29. Rxf8+ Kxf8 30. Nxa7 Bxg2 31. h4 Kg7 32. Kd2
Kh6 33. Ke3 Kh5 34. Kf2 Bh3 35. Kg3 g5 36. hxg5 Bf5 1-0

[Event "KAUPTHING OPEN 2007 B"]
[Site "?"]
[Date "2007.07.08"]
[Round "1.31"]
[White "Blond Hanten, Elsa"]
[Black "Berteau, Franck"]
[Result "0-1"]
[WhiteElo "1200"]
[BlackElo "1859"]
[PlyCount "60"]
[EventDate "2007.07.18"]

1. e4 Nc6 2. Nf3 d5 3. Nc3 d4 4. Na4 e5 5. Bb5 Bd7 6. O-O Bd6 7. d3 a6 8. Bc4
b5 9. Bb3 bxa4 10. Bxa4 Nf6 11. Bg5 O-O 12. Bxf6 Qxf6 13. c3 Rfd8 14. cxd4 Nxd4
15. Nxd4 Bxa4 16. Qd2 exd4 17. b3 Bd7 18. e5 Qxe5 19. f3 Qxh2+ 20. Kf2 Re8 21.
Rg1 Bg3+ 22. Kf1 Re1+ 23. Qxe1 Bxe1 24. Kxe1 Qxg1+ 25. Ke2 Qxa1 26. f4 Re8+ 27.
Kf3 Qf1+ 28. Kg3 Re3+ 29. Kh4 Qxf4+ 30. Kh5 g6# 0-1

[Event "KAUPTHING OPEN 2007 B"]
[Site "?"]
[Date "2007.07.08"]
[Round "1.32"]
[White "Oliva, Jan"]
[Black "Schaul, Georges"]
[Result "1-0"]
[WhiteElo "1840"]
[BlackElo "1200"]
[PlyCount "53"]
[EventDate "2007.07.18"]

1. c4 d6 2. Nf3 Nc6 3. g3 Nf6 4. Bg2 Bd7 5. Nc3 g6 6. O-O Bg7 7. d4 O-O 8. d5
e6 9. dxc6 bxc6 10. e4 Rb8 11. Qd2 h5 12. Re1 d5 13. exd5 cxd5 14. cxd5 exd5
15. Nxd5 Re8 16. Ne5 Rxe5 17. Rxe5 Ne8 18. Re7 Nf6 19. Nxf6+ Bxf6 20. Rxd7 Qe8
21. Qd5 c6 22. Qxc6 Bd4 23. Rxd4 a5 24. Qf6 g5 25. Bxg5 h4 26. Bh6 hxg3 27.
Qg7# 1-0

[Event "KAUPTHING OPEN 2007 B"]
[Site "?"]
[Date "2007.07.08"]
[Round "1.33"]
[White "Wolff, Chris"]
[Black "Thiebaux, Jean-Claude"]
[Result "0-1"]
[WhiteElo "1200"]
[BlackElo "1836"]
[PlyCount "60"]
[EventDate "2007.07.18"]

1. e4 c5 2. Nf3 Nc6 3. Bc4 e6 4. e5 g6 5. O-O Bg7 6. Re1 Nge7 7. d4 cxd4 8.
Nxd4 a6 9. Bg5 Nxe5 10. Bb3 d5 11. Qe2 N5c6 12. Nxc6 bxc6 13. c3 O-O 14. Qd2
Qc7 15. Bf4 e5 16. Bh6 Bxh6 17. Qxh6 Nf5 18. Qg5 h6 19. Qf6 e4 20. g3 Bb7 21.
Nd2 Rae8 22. f3 Re6 23. Qxe6 fxe6 24. fxe4 Qb6+ 25. Kh1 Ne3 26. exd5 cxd5 27.
Bd1 d4+ 28. Bf3 Bxf3+ 29. Nxf3 Rxf3 30. cxd4 Nc2 0-1

[Event "KAUPTHING OPEN 2007 B"]
[Site "?"]
[Date "2007.07.08"]
[Round "1.34"]
[White "Pietras, Ryszard"]
[Black "Yanovska, Violeta"]
[Result "1-0"]
[WhiteElo "1800"]
[BlackElo "1200"]
[PlyCount "50"]
[EventDate "2007.07.18"]

1. e4 e5 2. Nf3 Nc6 3. Bc4 Bc5 4. d3 Nd4 5. Nxd4 Bxd4 6. c3 Bc5 7. O-O Ne7 8.
b4 Bb6 9. a4 d6 10. a5 Bxf2+ 11. Rxf2 b6 12. Bxf7+ Kf8 13. Bd5+ Ke8 14. Bxa8
Ba6 15. Bd5 Nxd5 16. exd5 Qc8 17. axb6 axb6 18. Qa4+ Kd8 19. Qxa6 Qxa6 20. Rxa6
Re8 21. Ra8+ Kd7 22. Rxe8 Kxe8 23. d4 e4 24. Re2 Kd7 25. Rxe4 c6 1-0

[Event "KAUPTHING OPEN 2007 B"]
[Site "?"]
[Date "2007.07.08"]
[Round "2.1"]
[White "Schartz, Alain"]
[Black "Buchholtz, Léon"]
[Result "1-0"]
[WhiteElo "2199"]
[BlackElo "1905"]
[PlyCount "29"]
[EventDate "2007.07.18"]

1. e4 c5 2. Nf3 Nc6 3. Bb5 d6 4. Nc3 g6 5. d4 cxd4 6. Qxd4 e5 7. Qd3 f5 8. Qc4
Bd7 9. Ng5 Nh6 10. Ne6 Bxe6 11. Qxe6+ Qe7 12. Qc4 Qd7 13. Nd5 O-O-O 14. Bg5 Re8
15. Nf6 1-0

[Event "KAUPTHING OPEN 2007 B"]
[Site "?"]
[Date "2007.07.08"]
[Round "2.2"]
[White "Bakalarz, Leszek"]
[Black "Pletsch, Claude"]
[Result "0-1"]
[WhiteElo "2105"]
[BlackElo "1903"]
[PlyCount "82"]
[EventDate "2007.07.18"]

1. e4 c5 2. Nf3 d6 3. d4 cxd4 4. Nxd4 Nc6 5. c4 g6 6. Nc3 Bg7 7. Be3 Nf6 8. Be2
h5 9. h3 Bd7 10. O-O Qc8 11. Kh2 Ne5 12. Rc1 Neg4+ 13. hxg4 Nxg4+ 14. Bxg4
hxg4+ 15. Kg1 Be5 16. g3 Bf6 17. Nd5 Kf8 18. Nxf6 exf6 19. Kg2 Qe8 20. Qd3 Kg7
21. Rh1 Qe7 22. Bf4 g5 23. Bxd6 Qxd6 24. Rxh8 Rxh8 25. Nf5+ Bxf5 26. Qxd6 Bxe4+
27. f3 gxf3+ 28. Kg1 f5 29. b4 Rh3 30. c5 Bc6 31. Rc2 Rh1+ 32. Kxh1 f2+ 33. Kh2
f1=Q 34. Qd4+ f6 35. Qg1 Qf3 36. Qc1 Be4 37. b5 f4 38. gxf4 Qh5+ 39. Kg1 Qh1+
40. Kf2 Qg2+ 41. Ke1 Qxc2 0-1

[Event "KAUPTHING OPEN 2007 B"]
[Site "?"]
[Date "2007.07.08"]
[Round "2.3"]
[White "Marchal, Chantal"]
[Black "Nguyen-Huu, Hoang"]
[Result "0-1"]
[WhiteElo "1884"]
[BlackElo "2103"]
[PlyCount "71"]
[EventDate "2007.07.18"]

1. e4 c6 2. d4 Qc7 3. Nf3 d6 4. Bd3 e5 5. c3 Nf6 6. Qe2 Be7 7. O-O O-O 8. h3
Nbd7 9. Bg5 Re8 10. Qc2 Nf8 11. Nbd2 Ng6 12. dxe5 dxe5 13. Nc4 b5 14. Ne3 h6
15. Bxf6 Bxf6 16. Nf5 Ne7 17. N3h4 g6 18. Nxe7+ Qxe7 19. Nf3 Be6 20. c4 Rab8
21. Rab1 Red8 22. Rfc1 Kg7 23. a3 b4 24. c5 a5 25. Qe2 Rd7 26. Bc4 bxa3 27. b3
Rdb7 28. Qa2 a4 29. Qxa3 Bxc4 30. Rxc4 axb3 31. Nd2 Ra7 32. Qb2 Ra2 33. Qc1 Bg5
34. Rb2 Rd8 35. Rxa2 Rxd2 36. Rac2 0-1

[Event "KAUPTHING OPEN 2007 B"]
[Site "?"]
[Date "2007.07.08"]
[Round "2.4"]
[White "Nikolaeva, Maria"]
[Black "Duenzel, Jonas"]
[Result "1/2-1/2"]
[WhiteElo "2091"]
[BlackElo "1900"]
[PlyCount "49"]
[EventDate "2007.07.18"]

1. Nf3 Nf6 2. g3 g6 3. Bg2 Bg7 4. c4 O-O 5. O-O c6 6. d4 d5 7. cxd5 cxd5 8. Nc3
Nc6 9. Qb3 e6 10. Rd1 a6 11. Bg5 b5 12. e4 Na5 13. Qc2 h6 14. Bxf6 Bxf6 15.
exd5 exd5 16. Nxd5 Qxd5 17. Ne5 Bf5 18. Qd2 Be4 19. Bxe4 Qxe4 20. Nd7 Bg7 21.
Qxa5 Rfd8 22. Nc5 Qd5 23. Nb3 Rac8 24. Rac1 Rxc1 25. Rxc1 1/2-1/2

[Event "KAUPTHING OPEN 2007 B"]
[Site "?"]
[Date "2007.07.08"]
[Round "2.5"]
[White "Vignale, Stéphane"]
[Black "Lockwood, William"]
[Result "1-0"]
[WhiteElo "2086"]
[BlackElo "1882"]
[PlyCount "159"]
[EventDate "2007.07.18"]

1. d4 Nf6 2. c4 e6 3. Nf3 Bb4+ 4. Bd2 Qe7 5. e3 O-O 6. Bd3 Bxd2+ 7. Nbxd2 d6 8.
O-O Nbd7 9. Qc2 b6 10. b4 Bb7 11. Rac1 c5 12. bxc5 dxc5 13. a4 Rfd8 14. Rfd1 h6
15. a5 bxa5 16. Ra1 cxd4 17. exd4 a4 18. Rxa4 Nb6 19. Ra5 Bxf3 20. Nxf3 Rac8
21. Qa2 Rc7 22. Ra1 Nc8 23. h3 Kh8 24. Rb1 Rb7 25. Rxb7 Qxb7 26. Rb5 Qc7 27.
Qa6 Kg8 28. Rb7 Qf4 29. Qc6 a5 30. g3 Qc1+ 31. Kg2 Qa3 32. Ne5 Ne7 33. Qc7 Re8
34. c5 Nfd5 35. Qd7 Rf8 36. Bc4 Qc3 37. Bxd5 Nxd5 38. Nxf7 Qxd4 39. Qxe6 Qf6
40. Qxd5 Rxf7 41. Rxf7 Qxf7 42. Qa8+ Kh7 43. Qxa5 Qd5+ 44. Kf1 Qh1+ 45. Ke2
Qxh3 46. Qc3 Qe6+ 47. Qe3 Qa2+ 48. Kf3 Qf7+ 49. Kg2 Qd5+ 50. f3 Qa2+ 51. Kh3
Qa6 52. Qe4+ g6 53. Qe7+ Kh8 54. Qe5+ Kh7 55. Qc7+ Kh8 56. Qd8+ Kh7 57. Qd7+
Kh8 58. Qd2 Kh7 59. Kg2 h5 60. Qc2 Qc6 61. Qc4 Kg7 62. Qd4+ Kh7 63. Qd6 Qb5 64.
Qe7+ Kh6 65. Qf8+ Kh7 66. Qe7+ Kh6 67. Qe5 Kh7 68. f4 Qc4 69. Qe7+ Kh6 70. Qe5
Kh7 71. Kh3 Qf1+ 72. Kh4 Qf3 73. Kg5 Qb7 74. Qd6 Qf7 75. Qe5 Qb7 76. f5 gxf5
77. Qxf5+ Kh8 78. Kxh5 Qh1+ 79. Kg5 Qc6 80. Qf6+ 1-0

[Event "KAUPTHING OPEN 2007 B"]
[Site "?"]
[Date "2007.07.08"]
[Round "2.6"]
[White "Roitzsch, Philippe"]
[Black "Henrichs, Wenke"]
[Result "1-0"]
[WhiteElo "1874"]
[BlackElo "2079"]
[PlyCount "73"]
[EventDate "2007.07.18"]

1. e4 c5 2. c3 Nf6 3. e5 Nd5 4. d4 cxd4 5. Nf3 e6 6. cxd4 d6 7. Nc3 Nxc3 8.
bxc3 Nc6 9. Bf4 Be7 10. Bd3 h6 11. O-O O-O 12. Qd2 dxe5 13. dxe5 Qd5 14. c4 Qa5
15. Qe3 Rd8 16. Qe4 f5 17. exf6 Bxf6 18. Rad1 e5 19. Be3 Ne7 20. c5 Bf5 21.
Bc4+ Kh8 22. Qxb7 Rdb8 23. Qa6 Qxa6 24. Bxa6 Rb2 25. Bc4 a5 26. a4 Rb4 27. Bb5
Bc2 28. Rd7 Nf5 29. Bd2 Rb2 30. Bc3 Ra2 31. Nxe5 Bxe5 32. Bxe5 Bxa4 33. Bxa4
Rxa4 34. c6 Rc4 35. c7 Kh7 36. h3 h5 37. Rd8 1-0

[Event "KAUPTHING OPEN 2007 B"]
[Site "?"]
[Date "2007.07.08"]
[Round "2.7"]
[White "Berteau, Franck"]
[Black "Morozova, Julia"]
[Result "0-1"]
[WhiteElo "1859"]
[BlackElo "2073"]
[PlyCount "66"]
[EventDate "2007.07.18"]

1. d4 d5 2. Nf3 e6 3. Bg5 Nf6 4. e3 c5 5. c3 Be7 6. Bd3 Qb6 7. dxc5 Qxb2 8.
Bxf6 Bxf6 9. O-O Qxa1 10. Qc2 Nc6 11. Nfd2 Bd7 12. Nb3 Nb4 13. cxb4 Qb2 14. Rc1
Qxc2 15. Rxc2 Ba4 16. N1d2 Ke7 17. b5 Rac8 18. Nf3 Rc7 19. Rc1 Rhc8 20. Nfd4 g6
21. c6 Bxb3 22. Nxb3 bxc6 23. bxc6 Rxc6 24. Rxc6 Rxc6 25. Kf1 Kd6 26. Ke2 e5
27. f3 Bd8 28. h3 f5 29. g4 e4 30. fxe4 fxe4 31. Bb1 Bb6 32. Kd2 Ke5 33. Bc2
Bxe3+ 0-1

[Event "KAUPTHING OPEN 2007 B"]
[Site "?"]
[Date "2007.07.08"]
[Round "2.8"]
[White "Thiebaux, Jean-Claude"]
[Black "Berens, Thomas"]
[Result "0-1"]
[WhiteElo "1836"]
[BlackElo "2032"]
[PlyCount "56"]
[EventDate "2007.07.18"]

1. e4 c5 2. Nf3 d6 3. d4 cxd4 4. Nxd4 Nf6 5. Nc3 a6 6. Bg5 e6 7. f4 Be7 8. Qf3
Qc7 9. Bd3 Nbd7 10. O-O-O b5 11. Rhe1 Bb7 12. Qg3 O-O-O 13. Kb1 Nb6 14. Qh3 Kb8
15. Nb3 Rc8 16. Rc1 h6 17. Bh4 g5 18. Bf2 gxf4 19. Bxb6 Qxb6 20. e5 Nd5 21.
Nxd5 Bxd5 22. Be4 Bxe4 23. Rxe4 Rc4 24. Rxc4 bxc4 25. exd6 Bxd6 26. Qc3 Rc8 27.
Qa5 Qxa5 28. Nxa5 Bb4 0-1

[Event "KAUPTHING OPEN 2007 B"]
[Site "?"]
[Date "2007.07.08"]
[Round "2.9"]
[White "Parreira, Luis Miguel"]
[Black "Caquard, Frederic"]
[Result "1-0"]
[WhiteElo "1969"]
[BlackElo "1881"]
[PlyCount "95"]
[EventDate "2007.07.18"]

1. e4 c5 2. c3 d5 3. exd5 Qxd5 4. d4 e5 5. dxe5 Qxd1+ 6. Kxd1 Nc6 7. Bf4 Bf5 8.
Na3 Rd8+ 9. Ke1 Nge7 10. Nf3 Ng6 11. Bg3 Be7 12. Nc4 O-O 13. Nd6 Bg4 14. Be2
Bxf3 15. gxf3 Ngxe5 16. Nf5 Bf6 17. Rd1 Rxd1+ 18. Kxd1 Rd8+ 19. Kc2 a6 20. h4
b5 21. f4 Ng6 22. Bf3 Nge7 23. Ne3 b4 24. Ng4 a5 25. h5 h6 26. Nxf6+ gxf6 27.
Bh4 Rd6 28. Be4 Re6 29. f3 f5 30. Bd3 a4 31. Re1 Rxe1 32. Bxe1 Kf8 33. Bf2 Nd5
34. Bxc5+ Ke8 35. Bb5 Kd7 36. cxb4 Kc7 37. Bc4 Nxf4 38. Bxf7 Ne5 39. Be8 Nxf3
40. Be3 Nd5 41. Bxh6 Nxb4+ 42. Kd1 Nxa2 43. Bxa4 Kd8 44. Bf8 Ne5 45. h6 Ng6 46.
h7 f4 47. Bb3 Ke8 48. Bc5 1-0

[Event "KAUPTHING OPEN 2007 B"]
[Site "?"]
[Date "2007.07.08"]
[Round "2.10"]
[White "Hoefer, Ulrich"]
[Black "Papini, Emmanuel"]
[Result "1-0"]
[WhiteElo "1940"]
[BlackElo "1866"]
[PlyCount "79"]
[EventDate "2007.07.18"]

1. Nf3 Nf6 2. d4 d5 3. c4 dxc4 4. Nc3 c6 5. a4 Bf5 6. e3 Nbd7 7. Bxc4 Nb6 8.
Be2 h6 9. Qb3 Qc7 10. Bd2 e6 11. Rc1 Rd8 12. O-O Qb8 13. Ne5 Bd6 14. f4 O-O 15.
Bf3 Bxe5 16. fxe5 Nfd7 17. a5 Nc8 18. Be1 Bd3 19. Rf2 Ba6 20. Ne4 Bb5 21. Bb4
Rfe8 22. Bh5 g6 23. Bf3 b6 24. Nd6 Nxd6 25. Bxd6 Qa8 26. Qxb5 cxb5 27. Bxa8
Rxa8 28. Rc7 Rad8 29. a6 f5 30. exf6 Kf7 31. Rxa7 g5 32. Be7 Rxe7 33. fxe7+
Kxe7 34. Rc2 Kd6 35. Rcc7 Nf6 36. Kf2 Ng4+ 37. Ke2 Nf6 38. Rf7 Nd5 39. e4 Nf4+
40. Kd2 1-0

[Event "KAUPTHING OPEN 2007 B"]
[Site "?"]
[Date "2007.07.08"]
[Round "2.11"]
[White "Wagener, Christophe"]
[Black "Oliva, Jan"]
[Result "1-0"]
[WhiteElo "1930"]
[BlackElo "1840"]
[PlyCount "49"]
[EventDate "2007.07.18"]

1. e4 c5 2. Nf3 e6 3. d3 Nc6 4. Nbd2 g6 5. g3 Bg7 6. Bg2 Nge7 7. O-O O-O 8. Re1
d5 9. c3 b6 10. Nf1 Bb7 11. e5 d4 12. c4 Qc7 13. Qe2 Rfd8 14. h4 Ba6 15. N1h2
b5 16. b3 bxc4 17. bxc4 Nc8 18. Ng4 Nb6 19. Bh6 Nd7 20. Bxg7 Kxg7 21. Qd2 f5
22. Qh6+ Kg8 23. Ng5 Ndxe5 24. Nxe5 Nxe5 25. Rxe5 1-0

[Event "KAUPTHING OPEN 2007 B"]
[Site "?"]
[Date "2007.07.08"]
[Round "2.12"]
[White "Fadil, Hicham"]
[Black "Solaroli, Riccardo"]
[Result "1/2-1/2"]
[WhiteElo "1769"]
[BlackElo "1929"]
[PlyCount "85"]
[EventDate "2007.07.18"]

1. e4 d5 2. d4 dxe4 3. Nc3 Nf6 4. f3 exf3 5. Nxf3 Bg4 6. h3 Bxf3 7. Qxf3 c6 8.
Be3 e6 9. Bd3 Nbd7 10. O-O Be7 11. Qg3 Rg8 12. Ne4 Nxe4 13. Bxe4 f5 14. Bd3 Nb6
15. Rae1 Qd6 16. Qxd6 Bxd6 17. c4 Bg3 18. Re2 O-O-O 19. Rf3 Bc7 20. Bf4 Rxd4
21. Bxc7 Kxc7 22. Rxe6 g6 23. b3 Rgd8 24. Bf1 Rd2 25. a4 R8d7 26. h4 R2d6 27.
Re5 Nc8 28. h5 Re7 29. Rfe3 Rdd7 30. hxg6 hxg6 31. Be2 Kd6 32. Rxe7 Rxe7 33.
Rd3+ Kc7 34. Bd1 Rd7 35. Rxd7+ Kxd7 36. g4 f4 37. g5 Kd6 38. Kf2 a5 39. Kf3 Ke5
40. Bc2 Ne7 41. Bb1 Nf5 42. Kg4 Ne7 43. Kf3 1/2-1/2

[Event "KAUPTHING OPEN 2007 B"]
[Site "?"]
[Date "2007.07.08"]
[Round "2.13"]
[White "Schweitzer, Marc"]
[Black "Pietras, Ryszard"]
[Result "1-0"]
[WhiteElo "1912"]
[BlackElo "1800"]
[PlyCount "57"]
[EventDate "2007.07.18"]

1. c4 e5 2. Nc3 Nf6 3. g3 Nc6 4. Bg2 Be7 5. e3 O-O 6. Nge2 d6 7. O-O Be6 8. b3
a6 9. d4 exd4 10. exd4 Bg4 11. f3 Bd7 12. Nf4 g5 13. Nfd5 Nxd5 14. Nxd5 f5 15.
f4 g4 16. Nxe7+ Qxe7 17. Bd5+ Kg7 18. Bb2 Kg6 19. Re1 Qd8 20. Bxc6 bxc6 21. d5
Re8 22. Qd4 Rxe1+ 23. Rxe1 Qf8 24. dxc6 Bxc6 25. Re6+ Kh5 26. Rf6 Qc8 27. Rf7
h6 28. Qf6 Qd8 29. Qxf5+ 1-0

[Event "KAUPTHING OPEN 2007 B"]
[Site "?"]
[Date "2007.07.08"]
[Round "2.14"]
[White "Ludewig, Robert"]
[Black "Ferri, Doriano"]
[Result "1-0"]
[WhiteElo "1910"]
[BlackElo "1646"]
[PlyCount "47"]
[EventDate "2007.07.18"]

1. f4 d5 2. Nf3 Nc6 3. e3 Bf5 4. Bb5 a6 5. Bxc6+ bxc6 6. b3 e6 7. Bb2 Nf6 8.
O-O Bc5 9. Ne5 Qd6 10. a4 O-O 11. d4 Bb6 12. Nd2 Ne4 13. Nxe4 Bxe4 14. Qe2 f6
15. Ba3 c5 16. dxc5 Bxc5 17. Bxc5 Qxc5 18. Nd7 Qxc2 19. Qxc2 Bxc2 20. Nxf8 Kxf8
21. Rfc1 Bxb3 22. Rxc7 Bc4 23. Rb1 d4 24. Rxc4 1-0

[Event "KAUPTHING OPEN 2007 B"]
[Site "?"]
[Date "2007.07.08"]
[Round "2.15"]
[White "Boyarchenko, Alexander Sr"]
[Black "Lobzhanidze, Anna"]
[Result "0-1"]
[WhiteElo "1544"]
[BlackElo "2086"]
[PlyCount "34"]
[EventDate "2007.07.18"]

1. d4 Nf6 2. c4 g6 3. Nf3 Bg7 4. Bf4 d6 5. h3 O-O 6. Nc3 a5 7. e4 Nc6 8. a3 Nd7
9. Qd2 e5 10. Bg5 f6 11. d5 Nd4 12. Nxd4 exd4 13. Nb5 fxg5 14. Nxd4 Nc5 15. Nf3
Nb3 16. Qd1 Nxa1 17. Qxa1 Qf6 0-1

[Event "KAUPTHING OPEN 2007 B"]
[Site "?"]
[Date "2007.07.08"]
[Round "2.16"]
[White "Dubois, Martine"]
[Black "Korman, Ewgenija"]
[Result "1-0"]
[WhiteElo "2073"]
[BlackElo "1661"]
[PlyCount "41"]
[EventDate "2007.07.18"]

1. e4 c6 2. c4 d5 3. cxd5 cxd5 4. exd5 Qxd5 5. Nc3 Qe5+ 6. Be2 Nf6 7. Nf3 Qc7
8. O-O Bf5 9. d4 Nbd7 10. Nb5 Qb6 11. d5 a6 12. Be3 Qd8 13. Nc3 Nb6 14. Nh4 Bc8
15. Qb3 Nbxd5 16. Rfd1 e6 17. Bc4 Qe7 18. Nxd5 Nxd5 19. Bxd5 Qxh4 20. Bxb7 Rb8
21. Bc6+ 1-0

[Event "KAUPTHING OPEN 2007 B"]
[Site "?"]
[Date "2007.07.08"]
[Round "2.17"]
[White "Bakalarz, Grazyna"]
[Black "Geschwindt, Gilbert"]
[Result "1-0"]
[WhiteElo "2060"]
[BlackElo "1649"]
[PlyCount "23"]
[EventDate "2007.07.18"]

1. d4 Nf6 2. Nf3 e6 3. Bg5 d5 4. Nbd2 b6 5. e3 Ba6 6. Bxa6 Nxa6 7. c4 Nb4 8.
O-O Be7 9. a3 Nc6 10. Rc1 O-O 11. cxd5 Qxd5 12. Qc2 1-0

[Event "KAUPTHING OPEN 2007 B"]
[Site "?"]
[Date "2007.07.08"]
[Round "2.18"]
[White "Baillard, Marc"]
[Black "Jouanny, Sebastien"]
[Result "1-0"]
[WhiteElo "2001"]
[BlackElo "1681"]
[PlyCount "103"]
[EventDate "2007.07.18"]

1. d4 Nf6 2. c4 e6 3. Nc3 d5 4. cxd5 exd5 5. Bg5 c6 6. Qc2 Be7 7. e3 O-O 8. Bd3
Nbd7 9. Nf3 h6 10. Bh4 Re8 11. a3 Ne4 12. Bxe7 Qxe7 13. O-O Ndf6 14. Ne5 Nxc3
15. bxc3 Be6 16. a4 Rad8 17. Rfb1 Bc8 18. c4 dxc4 19. Bxc4 Rf8 20. Ng6 Qe8 21.
a5 Nd5 22. Nxf8 Kxf8 23. Re1 Be6 24. Rab1 Qd7 25. Qb3 Rb8 26. Rec1 b6 27. axb6
axb6 28. Qa3+ Kg8 29. e4 Ne7 30. Qe3 b5 31. Bb3 Re8 32. f4 Bxb3 33. Rxb3 Nf5
34. Qc3 Nxd4 35. Qd3 Rd8 36. Rbc3 Qa7 37. Kh1 Ne6 38. Qf3 Nd4 39. Qe3 Qe7 40.
Rc5 f5 41. e5 Qe6 42. Rd1 Qd7 43. Qc3 Kh7 44. h3 h5 45. e6 Qxe6 46. Rxd4 Rxd4
47. Qxd4 Qe1+ 48. Kh2 h4 49. Qc3 Qf2 50. Rxf5 c5 51. Qd3 g6 52. Rf7+ 1-0

[Event "KAUPTHING OPEN 2007 B"]
[Site "?"]
[Date "2007.07.08"]
[Round "2.19"]
[White "Schuster, Tom"]
[Black "Weller, Werner"]
[Result "1/2-1/2"]
[WhiteElo "1528"]
[BlackElo "1967"]
[PlyCount "85"]
[EventDate "2007.07.18"]

1. e4 c5 2. Nf3 Nc6 3. Nc3 a6 4. d4 cxd4 5. Nxd4 d6 6. Bc4 e6 7. O-O Nf6 8. Re1
Qc7 9. h3 Be7 10. Be3 O-O 11. Nf3 b5 12. Bd3 Bb7 13. Qe2 Na5 14. Nd2 Rac8 15.
Bf4 e5 16. Be3 Nc4 17. Bxc4 bxc4 18. Bg5 h6 19. Bh4 Nxe4 20. Ndxe4 Bxh4 21.
Rad1 Be7 22. Nd5 Bxd5 23. Rxd5 f5 24. Nc3 Rb8 25. Nd1 Qc6 26. Rd2 Bg5 27. Ne3
Bxe3 28. fxe3 Rxb2 29. Red1 Rf6 30. Kf2 Rxa2 31. Rxd6 Qe4 32. R6d2 c3 33. Rd3
Rg6 34. Kf1 Rc6 35. Rc1 f4 36. exf4 Qxe2+ 37. Kxe2 exf4 38. Kf3 Kh7 39. Kxf4
Ra4+ 40. Ke3 Ra2 41. Rd4 a5 42. Kd3 Ra3 43. Rb1 1/2-1/2

[Event "KAUPTHING OPEN 2007 B"]
[Site "?"]
[Date "2007.07.08"]
[Round "2.20"]
[White "Salentiny, Eric"]
[Black "Birtz, Claude"]
[Result "1/2-1/2"]
[WhiteElo "1708"]
[BlackElo "1936"]
[PlyCount "61"]
[EventDate "2007.07.18"]

1. e4 d6 2. d4 Nf6 3. Bd3 e5 4. c3 Be7 5. Ne2 c6 6. O-O Nbd7 7. h3 d5 8. Nd2
dxe4 9. Nxe4 exd4 10. Nxd4 Ne5 11. Re1 O-O 12. Nxf6+ Bxf6 13. Bc2 Ng6 14. Be3
Qc7 15. Bf5 Bxd4 16. Bxg6 Bxe3 17. Bxh7+ Kxh7 18. Rxe3 Qf4 19. Rf3 Qh6 20. Qd4
Be6 21. Re1 Rfd8 22. Qe4+ Qg6 23. Qe5 Rd5 24. Qc7 Rd7 25. Qe5 Rad8 26. Rg3 Rd5
27. Qe3 Qc2 28. Kh2 Rd1 29. Qg5 g6 30. Rxe6 fxe6 31. Qe7+ 1/2-1/2

[Event "KAUPTHING OPEN 2007 B"]
[Site "?"]
[Date "2007.07.08"]
[Round "2.21"]
[White "Mahan, James Robert"]
[Black "Carrillo, Jesus"]
[Result "0-1"]
[WhiteElo "1514"]
[BlackElo "2174"]
[PlyCount "66"]
[EventDate "2007.07.18"]

1. d4 Nf6 2. Nf3 g6 3. e3 Bg7 4. Bd3 d6 5. O-O O-O 6. Nbd2 Nbd7 7. e4 e5 8. c3
Re8 9. Re1 Nf8 10. d5 Nh5 11. Nf1 Nf4 12. Bb5 Bd7 13. Bxd7 Nxd7 14. g3 Nh5 15.
Ne3 Ndf6 16. Ng2 Qd7 17. Nfh4 h6 18. f3 Qh3 19. g4 Nf4 20. Bxf4 exf4 21. Qd2
Nd7 22. Qf2 Bf6 23. Re2 Ne5 24. Rd1 Bxh4 25. Nxh4 Qxh4 26. Qxh4 Nxf3+ 27. Kg2
Nxh4+ 28. Kf2 Re7 29. Rd4 Rae8 30. a4 f5 31. gxf5 gxf5 32. Re1 fxe4 33. Rg1+
Rg7 0-1

[Event "KAUPTHING OPEN 2007 B"]
[Site "?"]
[Date "2007.07.08"]
[Round "2.22"]
[White "Clement, Marc"]
[Black "Ortartchiev, Gadji"]
[Result "0-1"]
[WhiteElo "1432"]
[BlackElo "1992"]
[PlyCount "68"]
[EventDate "2007.07.18"]

1. e4 c5 2. Nf3 d6 3. d4 cxd4 4. Nxd4 Nf6 5. Nc3 g6 6. Bc4 Bg7 7. Bb3 O-O 8.
Be3 Ng4 9. Bg5 Nc6 10. Ndb5 a6 11. Nxd6 Qxd6 12. Qxd6 exd6 13. f3 Nf6 14. O-O
Be6 15. Bxf6 Bxf6 16. Nd5 Bxd5 17. Bxd5 Bxb2 18. Rab1 Bd4+ 19. Kh1 Ra7 20. Rfd1
Bc5 21. c3 Na5 22. c4 b6 23. g4 Kg7 24. Kg2 f5 25. gxf5 gxf5 26. Rf1 Re7 27.
Rbe1 fxe4 28. fxe4 b5 29. Rxf8 Kxf8 30. cxb5 axb5 31. Rf1+ Kg7 32. Rf4 Nc4 33.
Rg4+ Kf6 34. Rg8 Ne3+ 0-1

[Event "KAUPTHING OPEN 2007 B"]
[Site "?"]
[Date "2007.07.08"]
[Round "2.23"]
[White "Kruis, Ruud"]
[Black "Hoefer, Michael"]
[Result "1-0"]
[WhiteElo "1988"]
[BlackElo "1423"]
[PlyCount "45"]
[EventDate "2007.07.18"]

1. f4 Nf6 2. Nf3 b6 3. b3 Bb7 4. e3 e6 5. Bb2 d6 6. Be2 c5 7. O-O Be7 8. Qe1
Nbd7 9. d3 Qc7 10. e4 e5 11. fxe5 Nxe5 12. Nxe5 dxe5 13. Qg3 Nd7 14. Qxg7 O-O-O
15. Qxf7 Bg5 16. Nc3 a6 17. Bg4 h5 18. Be6 Qd6 19. Na4 b5 20. Nc3 Rdf8 21.
Bxd7+ Kc7 22. Nd5+ Bxd5 23. Qxd5 1-0

[Event "KAUPTHING OPEN 2007 B"]
[Site "?"]
[Date "2007.07.08"]
[Round "2.24"]
[White "Schneider, Rafael"]
[Black "Kasparova, Eva"]
[Result "0-1"]
[WhiteElo "1807"]
[BlackElo "1400"]
[PlyCount "54"]
[EventDate "2007.07.18"]

1. e4 d6 2. d4 Nf6 3. Nc3 e5 4. dxe5 dxe5 5. Qxd8+ Kxd8 6. Bc4 Be6 7. Bxe6 fxe6
8. Bg5 Nbd7 9. O-O-O Bd6 10. Nf3 Ke7 11. a3 c6 12. Rd2 Bc7 13. Rhd1 Rad8 14. b4
Nb6 15. Rxd8 Rxd8 16. Rxd8 Kxd8 17. Kb2 Nc4+ 18. Kb3 b5 19. a4 a6 20. a5 Kd7
21. h3 Bd6 22. Ne1 c5 23. Nd3 cxb4 24. Nxb4 Nxa5+ 25. Ka3 Nc6 26. Bxf6 Bxb4+
27. Kb3 gxf6 0-1

[Event "KAUPTHING OPEN 2007 B"]
[Site "?"]
[Date "2007.07.08"]
[Round "2.25"]
[White "Gambucci, Daniela"]
[Black "Steil, Raymond"]
[Result "0-1"]
[WhiteElo "1377"]
[BlackElo "1731"]
[PlyCount "87"]
[EventDate "2007.07.18"]

1. d4 d5 2. Nf3 Nf6 3. Bf4 Bf5 4. e3 h6 5. c3 c6 6. Bd3 Bxd3 7. Qxd3 e6 8. h3
Be7 9. Nbd2 Nbd7 10. Ne5 O-O 11. Ndf3 Qb6 12. Qc2 c5 13. g4 cxd4 14. g5 hxg5
15. Bxg5 Nxe5 16. Nxe5 dxe3 17. fxe3 Qd6 18. Bf4 Qd8 19. O-O-O Rc8 20. Qg2 Ne4
21. Rhg1 g5 22. h4 Nxc3 23. bxc3 Rxc3+ 24. Kd2 Ra3 25. Ke1 Qa5+ 26. Rd2 Rxa2
27. e4 Ra1+ 28. Ke2 Rxg1 29. Qxg1 Qb5+ 30. Ke1 Qb1+ 31. Rd1 Qxe4+ 32. Qe3 gxf4
33. Qxe4 dxe4 34. h5 Rd8 35. Rb1 Rd5 36. Ng4 Bh4+ 37. Ke2 Rxh5 38. Nh2 Rg5 39.
Nf1 Rg2+ 40. Kd1 e3 41. Kc1 e2 42. Nd2 Rg1+ 43. Kc2 Rxb1 44. Kxb1 0-1